Konštrukcia úmrtnostných tabuliek

Problematika merania a porovnávania úrovne úmrtnosti v rôznych populáciách. Miesto úmrtnostných tabuliek v skupine tabuliek života.Členenie tabuliek života. Metodika výpočtu úmrtnostných tabuliek. Možnosti využitia úmrtnostných tabuliek. Vývoj strednej dĺžky života na Slovensku.Vývoj strednej dĺžky...

Full description

Saved in:
Bibliographic Details
Main Author: Mészáros, Ján
Format: Book Chapter
Language:Slovak
Subjects:
Tags: Add Tag
No Tags, Be the first to tag this record!

MARC

LEADER 00000naa$a2200000$$$4500
001 0043636
005 20220715093711.9
041 0 |a slo 
044 |a SK 
245 1 0 |a Konštrukcia úmrtnostných tabuliek  |c Ján Mészáros 
520 |a Problematika merania a porovnávania úrovne úmrtnosti v rôznych populáciách. Miesto úmrtnostných tabuliek v skupine tabuliek života.Členenie tabuliek života. Metodika výpočtu úmrtnostných tabuliek. Možnosti využitia úmrtnostných tabuliek. Vývoj strednej dĺžky života na Slovensku.Vývoj strednej dĺžky života pri narodení v krajinách EÚ. 
610 2 0 |a tabuľky štatistické 
610 2 0 |a vývoj populačný 
610 2 0 |a úmrtnosť 
610 2 0 |a demografia 
610 2 0 |a štatistika 
610 2 0 |a Slovensko 
610 2 0 |a Európska únia 
610 2 0 |a konštrukcia 
610 2 0 |a metódy štatistické 
100 1 |a Mészáros, Ján